| 000 | 00408cam a22001097a 4500 | ||
|---|---|---|---|
| 008 | 180718b1958 xxu||||| |||| 00| 0 eng d | ||
| 082 | _aR803x5434 R137r/1958 | ||
| 100 | _aRajasthan, Labour Department | ||
| 245 |
_aReport on the working of the Indian trade unions act, 1926 of Rajasthan for the period ending March 31st, 1958 _cby Labour Department |
||
| 260 |
_aUdaipur _bGovernment Press _c1958 |
||
| 300 | _a85p | ||
| 999 |
_c496515 _d496515 |
||